| 000 | 00645cam a2200205 4500 | ||
|---|---|---|---|
| 001 | D15358 | ||
| 008 | 090401t1983 xxu||||| |||| 00| 0 eng d | ||
| 035 | _a(Sirsi) u22161 | ||
| 041 | _aeng | ||
| 050 | _a696.8 | ||
| 110 |
_aRoyal Institution of Chartered Surveyors _bQuantity Surveyors' Division _91263 |
||
| 245 | _aEngineering services: electrical installations. One-day conference, [at RICS] 23 March 1983 | ||
| 260 |
_aLondon _bSurveyors` Technical Services _c1983 |
||
| 300 | _a3 papers | ||
| 350 | _a0 | ||
| 520 | _aFiled in box RICS 1983/7 ABC | ||
| 710 | _aElectrical Contractors Association | ||
| 942 | _n0 | ||
| 948 | _c04/03/1997 | ||
| 999 |
_c88136 _d88136 |
||